00477nam a22001697a 450000500170000001000120001702000260002903700230005508200080007810000180008624500650010425000070016926000360017627000570021230000200026970000180028920260228172651.0 aBACEN26 a9788192933528c430.00 bLucent Publication a480 aThakur, A. K  aLucent's General English/cby A. K Thakur [and] Veena Thakur a12 aPatnabLucent Publicationc2024 aNew Bypass Road, AshochakbPatnae800030k9934016609 a554p.c27cm(pb) aThakur, Veena